<Die> Wirtschafts- und Währungsunion, das Europäische System der Zentralbanken und das Eurosystem

Saved in:
Bibliographic Details
Format: Book
Language:German
Published: Frankfurt am Main Europäische Zentralbank 2003
Subjects:
Tags: Add Tag
No Tags, Be the first to tag this record!

MARC

LEADER 00000nam$a2200000$$$4500
001 0027671
005 20240315123241.2
020 |a 92-9181-350-8 
041 0 |a ger 
044 |a DE 
245 1 0 |a <Die> Wirtschafts- und Währungsunion, das Europäische System der Zentralbanken und das Eurosystem 
264 1 |a Frankfurt am Main  |b Europäische Zentralbank  |c 2003 
300 |a 44 s.  |e 1 CD-ROM 
610 2 0 |a banky 
610 2 0 |a bankovníctvo 
610 2 0 |a únie hospodárske 
610 2 0 |a únie menové 
610 2 0 |a banky centrálne 
610 2 0 |a spolupráca medzinárodná 
610 2 0 |a eurozóna 
610 2 0 |a integrácia ekonomická medzinárodná 
610 2 0 |a trh finančný 
610 2 0 |a Európa 
610 2 0 |a Európska únia 
610 2 0 |a Európska menová únia